Stars and atoms, (Record no. 183089)
[ view plain ]
| 000 -LEADER | |
|---|---|
| fixed length control field | 00637 a2200169 4500 |
| 003 - CONTROL NUMBER IDENTIFIER | |
| control field | Nust |
| 005 - DATE AND TIME OF LATEST TRANSACTION | |
| control field | 20221017120024.0 |
| 040 ## - CATALOGING SOURCE | |
| Transcribing agency | Nust |
| 082 ## - DEWEY DECIMAL CLASSIFICATION NUMBER | |
| Classification number | 600,EDD |
| 100 ## - MAIN ENTRY--PERSONAL NAME | |
| Personal name | Eddington, Arthur Stanley, Sir, |
| 9 (RLIN) | 100417 |
| 245 ## - TITLE STATEMENT | |
| Title | Stars and atoms, |
| Statement of responsibility, etc. | by A.S. Eddington ... |
| 260 ## - PUBLICATION, DISTRIBUTION, ETC. | |
| Place of publication, distribution, etc. | New Haven, . |
| Name of publisher, distributor, etc. | Yale university press; London, H. Milford, Oxford university press, |
| Date of publication, distribution, etc. | 1927 |
| 300 ## - PHYSICAL DESCRIPTION | |
| Extent | 127p. front., |
| Other physical details | plates, diagr. 23 cm. |
| 505 ## - FORMATTED CONTENTS NOTE | |
| Formatted contents note | Lecture 1: The Interior Of A Star (Page-9), Lecture 2: Some Recent Investigations (Page-42), Lecture 3: The Age Of The Stars (Page-85). |
| 650 ## - SUBJECT ADDED ENTRY--TOPICAL TERM | |
| Topical term or geographic name entry element | Stars and atoms, |
| 9 (RLIN) | 100418 |
| 942 ## - ADDED ENTRY ELEMENTS (KOHA) | |
| Source of classification or shelving scheme | |
| Koha item type | Book |
| Withdrawn status | Lost status | Source of classification or shelving scheme | Damaged status | Not for loan | Permanent Location | Current Location | Shelving location | Date acquired | Full call number | Barcode | Date last seen | Price effective from | Koha item type | Public note |
|---|---|---|---|---|---|---|---|---|---|---|---|---|---|---|
| Military College of Signals (MCS) | Military College of Signals (MCS) | General Stacks | 12/12/2016 | 600,EDD | MCS29745 | 12/08/2016 | 12/12/2016 | Book | Almirah No.26, Shelf No.1 |
